000 00527nam a22001937a 4500
003 OSt
005 20240626104829.0
008 240626b |||||||| |||| 00| 0 eng d
020 _a978-041574-837-7
040 _cMUST
082 _a338.91 DIS 2008
100 _aDijkstra Geske A.
_917961
245 _aThe Impact of international Debt Relief
_cA. Geske Dijkstra
260 _aLondon
_bRoutledge
_c2008
300 _aXIX,138P;
_bill.
_c21cm
504 _aindexes and bibliographies
650 _2 Relief
942 _2ddc
_cO_SHELF
999 _c8885
_d8885